Szczegóły MARC21

Wybrane zagadnienia z ekonomiki transportu /

003 -Nazwa inst., której nr kontr. jest w polu 001 [,]
    • @
    • Nazwa instytucji, której n kontrolny jest w polu 001
    • NUKAT
005 -DATA I CZAS OSTATNIEJ MODYFIKACJI [,]
    • @
    • pole kontrolne
    • 20241231094421.0
040 -Instytucja sporządzająca opis [ , ]
    • a
    • Instytucja, która sporządziła opis (NP)
    • KIEL 008/JK
    • c
    • Instytucja, która sporządziła rekord (NP)
    • KIEL 008/JKs
    • d
    • Instytucja, która zmodyfikowała rekord (P)
    • KIEL 008/JK
942 -Rodzaj dokumentu [ , ]
    • c
    • Rodzaj dokumentu
    • Książka
245 -Strefa tytułu i oznaczenia odpowiedzialności [0,0]
    • a
    • Tytuł
    • Wybrane zagadnienia z ekonomiki transportu / Find
    • c
    • Pozostałe elementy strefy tytułu i oznaczenia odpowiedzialności (NP)
    • [red. nauk. Adam Szewczuk ; aut. poszczególnych rozdziałów Henryk Babis et al.] ; Uniwersytet Szczeciński.
260 -Strefa adresu wydawniczego [ , ]
    • a
    • Miejsce wydania (P)
    • Szczecin :
    • b
    • Nazwa wydawcy (P)
    • Wydawnictwo Naukowe Uniwersytetu Szczecińskiego,
    • c
    • Data wydania (P)
    • 1990.
300 -Strefa opisu fizycznego [ , ]
    • a
    • Określenie formy książki i/lub objętość (NP)
    • 412 s. ;
    • c
    • Format (NP)
    • 24 cm.
336 -Typ zawartości [ , ]
    • a
    • Termin opisujący typ zawartości
    • Tekst
    • b
    • Kod określający zawartość
    • txt
    • 2
    • Źródło (terminu i kodu)
    • rdacontent
337 -Typ mediów [ , ]
    • a
    • Tryb odtwarzania
    • Bez urządzenia pośredniczącego
    • b
    • Kod typu mediów
    • n
    • 2
    • Źródło (terminu i kodu)
    • rdamedia
338 -Typ/rodzaj nośnika [ , ]
    • a
    • Hasło opisujące typ nośnika
    • Wolumin
    • b
    • Kod typu nośnika
    • nc
    • 2
    • Źródło (terminu i kodu)
    • rdacarrier
500 -Uwaga ogólna [ , ]
    • a
    • Uwaga ogólna (NP)
    • Zawiera tab.
504 -Uwaga dot. bibliogr. załącznikowej [ , ]
    • a
    • Uwaga dot. bibliografii załącznikowej
    • Bibliogr przy rozdz.
521 -Uwaga dot. przeznaczenia czytelniczego [8, ]
    • a
    • Uwaga dot. przeznaczenia czytelniczego
    • Skrypt dla kierunku Ekonomika i Organizacja Transportu.
650 -Hasło przedmiotowe [ ,7]
    • a
    • Hasło przedmiotowe
    • Transport
    • x
    • Określnik rzeczowy
    • aspekt ekonomiczny
    • v
    • Określnik formalny
    • podręczniki akademickie.
    • 2
    • Źródło terminu
    • kaba
    • 9
    • KHW
    • 365087
700 -Hasło dodatkowe - nazwa osobowa [1, ]
    • a
    • Nazwa osobowa (NP)
    • Szewczuk, Adam Find
    • d
    • Daty biograficzne (NP)
    • (1945-2011).
    • e
    • Określenie rodzaju współpracy
    • Red.
    • 9
    • KHW
    • 41007
700 -Hasło dodatkowe - nazwa osobowa [1, ]
    • a
    • Nazwa osobowa (NP)
    • Babis, Henryk. Find
    • 9
    • KHW
    • 79
710 -Hasło dodatkowe - nazwa ciała zbiorowego [2, ]
    • a
    • Nazwa ciała zbiorowego lub nazwa geograficzna jako pierwszy element (NP)
    • Uniwersytet Szczeciński.
    • b
    • Nazwa jednostki podrzędnej (P)
    • Wydawnictwo Naukowe.
    • 4
    • Kod relacji
    • pbl
    • 9
    • KHW
    • 51208
Status udost. Numer inwentarzowy Sygnatura Lokalizacja Data inwentaryzacji
-2E.59722 BE1996-10-09
2S.70772 BE1996-10-09
2S.70773 BE1996-10-09
2S.70774 BE1996-10-09
2S.70775 BE1996-10-09
2S.70776 BE1996-10-09
2S.70777 BE1996-10-09
2S.70778 BE1996-10-09
2S.70779 BE1996-10-09
2S.70780 BE1996-10-09
2S.70781 BE1996-10-09
2S.70782 BE1996-10-09
2S.70783 BE1996-10-09
2S.70784 BE1996-10-09
2S.70785 BE1996-10-09
2S.70786 BE1996-10-09
2S.70787 BE1996-10-09
2S.70788 BE1996-10-09
2S.70789 BE1996-10-09
2S.70790 BE1996-10-09
2S.70791 BE1996-10-09
2S.70792 BE1996-10-09
2S.70793 BE1996-10-09
2S.70794 BE1996-10-09
2S.70795 BE1996-10-09
2S.70796 BE1996-10-09
2S.70797 BE1996-10-09
2S.70798 BE1996-10-09
2S.70799 BE1996-10-09
2S.70800 BE1996-10-09
2S.70801 BE1996-10-09
2S.70802 BE1996-10-09
2S.70803 BE1996-10-09
2S.70804 BE1996-10-09
2S.70805 BE1996-10-09
2S.70806 BE1996-10-09
2S.70808 BE1996-10-09
2S.70809 BE1996-10-09
2S.70810 BE1996-10-09
2S.70811 BE1996-10-09
2S.74077 BE1996-10-09
2S.74078 BE1996-10-09
2S.74079 BE1996-10-09
2S.74080 BE1996-10-09
2S.77769 BE1996-10-09
-11TS.79349TS.79349T1996-10-09
-3TS.70807 T1996-10-09
-3TS.74081 T1996-10-09